| 000 | 00923nam a2200253 a 4500 | ||
|---|---|---|---|
| 003 | DO-SdBNP | ||
| 005 | 20240301073825.0 | ||
| 007 | ta | ||
| 008 | 220610e2016 dr ||||gr|||| 001 e spa d | ||
| 020 | _a9789945498837 | ||
| 040 |
_aDO-SdBNP _bspa _cBNPHU |
||
| 082 | 4 |
_222 _bS758a |
|
| 245 |
_aSpinoza y los afectos como invención del pensar: _bponencias del panel sobre Spinoza, poema del pensamiento, de Henri Meschonic _cEditor, Diógenes Céspedes. |
||
| 260 |
_aSanto Domingo : _bUniversitaria UASD, _c2016 |
||
| 300 |
_a69 p. ; _c21 cm. |
||
| 500 | _aIncluye datos biográficos del editor, p. 61- 64 | ||
| 500 | _aIncluye biografía y nota al pié de páginas. | ||
| 500 | _aIncluye índice onomástico, p. 65- 69 | ||
| 590 | _aInventariado 2022 / MF | ||
| 600 | 1 |
_aBaruc, Spinosa _d1632- 1677 _xBiografía _981859 |
|
| 700 | 1 |
_aCéspedes, Diógenes, _d1941- _eed. _920548 |
|
| 910 | _aMFeliz | ||
| 942 |
_2ddc _cLBS1 |
||
| 999 |
_c52009 _d52009 |
||